000 00530nam a2200181Ia 4500
003 GCL
008 140319s9999 xx 000 0 ara d
040 _aGCL /
_cGCL
082 0 4 _a239
_bع ش
100 1 _aعلى مصيلحى حسن
245 1 0 _aالشباب والسنة النبوية /
_cعلى مصيلحى حسن
260 _a[S.N] :
_bدار الصفوة للنشر والتوزيع ،
_c1992
300 _a750
490 _a
650 0 4 _aالاسلام
650 0 4 _aالسيرة النبوية
942 _2ddc
_cBK
999 _c54099
_d54099